| 000 | 00398nam a2200145Ia 4500 | ||
|---|---|---|---|
| 008 | 230917s9999||||xx |||||||||||||| ||und|| | ||
| 040 |
_e3605 _aMAIN |
||
| 041 | _aEnglish | ||
| 082 | _a320.942 B751P | ||
| 100 | _aBrennan, T | ||
| 245 | 0 | _aPolitics and government in Britain: An introductory survey | |
| 260 |
_aCambridge _bCambridge University Press _c1972 |
||
| 300 | _ax, 332 p. | ||
| 942 | _cBK | ||
| 999 |
_c200915 _d200915 |
||